MARC details
| 000 -CABECERA |
| campo de control de longitud fija |
02618nam a2200301 a 4500 |
| 003 - IDENTIFICADOR DEL NÚMERO DE CONTROL |
| campo de control |
DO-SdBNP |
| 005 - FECHA Y HORA DE LA ÚLTIMA TRANSACCIÓN |
| campo de control |
20250203105242.0 |
| 007 - CAMPO FIJO DE DESCRIPCIÓN FÍSICA--INFORMACIÓN GENERAL |
| campo de control de longitud fija |
ta |
| 008 - DATOS DE LONGITUD FIJA--INFORMACIÓN GENERAL |
| campo de control de longitud fija |
221116e2022 dr |||gr|||| 001 edspa d |
| 020 ## - NÚMERO INTERNACIONAL ESTÁNDAR DEL LIBRO |
| Número Internacional Estándar del Libro |
9789945250329 |
| 040 ## - FUENTE DE LA CATALOGACIÓN |
| Centro catalogador/agencia de origen |
DO-SdBNP |
| Lengua de catalogación |
spa |
| Centro/agencia transcriptor |
BNPHU |
| 082 #4 - NÚMERO DE LA CLASIFICACIÓN DECIMAL DEWEY |
| Número de edición |
22 |
| Número de documento/Ítem |
G897R |
| 100 1# - ENTRADA PRINCIPAL--NOMBRE DE PERSONA |
| Nombre de persona |
Rojas Osorio, Carlos |
| Fechas asociadas al nombre |
1946- |
| 9 (RLIN) |
808 |
| 245 10 - MENCIÓN DE TÍTULO |
| Título |
Pablo Guadarrama González: |
| Resto del título |
filósofo latinaomericano. / |
| Mención de responsabilidad, etc. |
Carlos Rojas Osorio; Prólogo, Federico José Álvarez |
| 260 ## - PUBLICACIÓN, DISTRIBUCIÓN, ETC. |
| Lugar de publicación, distribución, etc. |
Santo Domingo : |
| Nombre del editor, distribuidor, etc. |
Archivo General de la Nación, |
| Fecha de publicación, distribución, etc. |
2022 |
| 300 ## - DESCRIPCIÓN FÍSICA |
| Extensión |
452 p. ; |
| Dimensiones |
23 cm. |
| 490 1# - MENCIÓN DE SERIE |
| Mención de serie |
Archivo General de la Nación ; |
| Designación de volumen o secuencia |
442 |
| 500 ## - NOTA GENERAL |
| Nota general |
Incluye datos biográficos del autor en las solapas de las cubiertas |
| 500 ## - NOTA GENERAL |
| Nota general |
Incluye datos y notas al pié de páginas. |
| 504 ## - NOTA DE BIBLIOGRAFÍA, ETC. |
| Nota de bibliografía, etc. |
Bibliografía: p. 389 - 447 |
| 505 ## - NOTA DE CONTENIDO CON FORMATO |
| Nota de contenido con formato |
Prólogo. / |
| Mención de responsabilidad |
Federico José Álvarez.-- |
| Información miscelánea |
Capítulo I. |
| Título |
Semblanza de Pablo Guadarrama González: filósofo latinoamericano.-- |
| Información miscelánea |
Capítulo II. |
| Título |
La filosofía: su objetivo y funciones.-- |
| Información miscelánea |
Capítulo III. |
| Título |
El método en la historia de la filosofía.-- |
| Información miscelánea |
Capítulo IV. |
| Título |
La cultura como dialéctica entre lo universal y lo específico.-- |
| Información miscelánea |
Capítulo V. |
| Título |
Trayectoria de la filosofía en Cuba.-- |
| Información miscelánea |
Capítulo VI. |
| Título |
El ideario filosófico de Enrique José Varona.-- |
| Información miscelánea |
Capítulo VII. |
| Título |
Martí, humanista práctico latinoamericano. |
| Información miscelánea |
Capítulo VIII. |
| Título |
Hostos y el positivismo sui generis.-- |
| Información miscelánea |
Capítulo IX. |
| Título |
El positivismo en América Latina.-- |
| -- |
Capítulo X. |
| -- |
Crítica y superación del positivismo latinoamericano.-- |
| Información miscelánea |
Capítulo XI. |
| Título |
Educación e investigación científica.-- |
| Información miscelánea |
Capítulo XII. |
| Título |
Crítica de los reduccionismos epistemológico.-- |
| Información miscelánea |
Capítulo XIII. |
| Título |
Crítica del posmodernismo. |
| Información miscelánea |
Capítulo XIV. |
| Título |
Marxismo y antimarxismo en América latina.-- |
| Información miscelánea |
Capítulo XV. |
| Título |
Filosofía y marxismo en Colombia.-- |
| Información miscelánea |
Capítulo XVI. |
| Título |
Democracia y los Derechos Humanos: más allá del occidentalismo. |
| Información miscelánea |
Capítulo XVII. |
| Título |
La integración latinoamericana.-- |
| Información miscelánea |
Capítulo XVIII. |
| Título |
Filosofía política y humanismo en América Latina.-- |
| Información miscelánea |
Capítulo XIX. |
| Título |
El pensamiento político latinoamericano y la cultura de la paz.-- |
| Información miscelánea |
Capítulo XX. |
| Título |
El marxismo como filosofía de la liberación.-- |
| Información miscelánea |
Capítulo XX. |
| Título |
Del socialismo real a la utopía.-- |
| -- |
Conclusiones.-- |
| -- |
Epílogo de Ángel Moreta Aguasvivas.-- |
| -- |
Bibliografía.-- |
| -- |
Bibliografía de Pablo Guadarrama González. |
| 590 ## - NOTA LOCAL (RLIN) |
| Nota local |
Invenariado 2022 / MF |
| 600 #4 - PUNTO DE ACCESO ADICIONAL DE MATERIA--NOMBRE DE PERSONA |
| 9 (RLIN) |
72224 |
| Nombre de persona |
Guadarrama González, Pablo |
| Fechas asociadas al nombre |
1949- |
| Subdivisión de forma |
Biografía |
| 650 #4 - PUNTO DE ACCESO ADICIONAL DE MATERIA--TÉRMINO DE MATERIA |
| 9 (RLIN) |
44345 |
| Término de materia o nombre geográfico como elemento de entrada |
Autores Cubanos |
| Subdivisión general |
Biografía |
| 650 #4 - PUNTO DE ACCESO ADICIONAL DE MATERIA--TÉRMINO DE MATERIA |
| 9 (RLIN) |
8956 |
| Término de materia o nombre geográfico como elemento de entrada |
Pensamiento Filosófico |
| Subdivisión de forma |
Guadarrama González, Pablo |
| Subdivisión geográfica |
Cuba |
| 910 ## - DATOS DE OPCIÓN DEL USUARIO (OCLC) |
| Datos de opción del usuario |
MFeliz |
| 942 ## - ELEMENTOS DE PUNTO DE ACCESO ADICIONAL (KOHA) |
| Fuente del sistema de clasificación o colocación |
Dewey Decimal Classification |
| Tipo de ítem Koha |
Libro |